000 00393nam a22001577a 4500
005 20251108164200.0
008 250721s1993 xx 000 0 ara d
082 1 4 _a214.64/شري
100 1 _aالشريف، هندي محمد
245 1 0 _aتوبة الملحدين /
264 1 _aعمان :
_c1993.
300 _a214ص.
650 1 7 _aالإلحاد
942 _2ddc
_cBK
999 _c5710
_d5710